| 000 | 00822cam a22002893 4500 | ||
|---|---|---|---|
| 001 | 7785 | ||
| 010 | _a9788857220123 | ||
| 010 | _a8857220125 | ||
| 090 | _a7785 | ||
| 099 | _tLIVR | ||
| 100 | _a20140310d2013 m y0engy50 ba | ||
| 101 | 0 | _afre | |
| 102 | _aIT | ||
| 200 | 1 |
_aMohamed El Baz _bLIVR _fNadine Descendre |
|
| 210 |
_aMilano _cSkira _d2013 |
||
| 215 |
_a207 pages _cillustrations (chiefly color) _d31 cm |
||
| 225 | _aImages affranchies | ||
| 300 | _aText in English and French | ||
| 300 | _aOther EAN 978-88-572-1945-5 | ||
| 300 | _aFrench, English. | ||
| 600 |
_313605886 _aEl Baz _bMohamed _f1967-.... _920704 |
||
| 676 | _a709.174 ELB | ||
| 700 |
_313197667 _aDescendre _bNadine _4070 _920705 |
||
| 801 | 3 |
_aUS _bOCoLC _c20140310 _gUNIMARC |
|
| 801 | 0 |
_bC3L _aTN _c20250423 _gUNIMARC |
|
| 801 | 0 |
_b32Bis _aTN |
|
| 830 | _aABA | ||